000 01027nam a2200289 a 4500
003 OSt
005 20131104151505.0
008 131104s1999 sz ||||| |||| 00| 0 spa d
020 _a92-4-354513-2
040 _cBiblioteca Medicina
041 _aspa
082 _aOMS QV 39
110 _aOrganizacion Mundial de la Salud
_91006
245 0 0 _aPruebas basicas para medicamentos. Sustancias farmaceuticas, plantas medicinales y formas farmaceuticas
250 _a1° ed.
260 _aGinebra
_bOrganizacion Mundial de la Salud
_c1999
300 _a91 p.
653 _aPREPARACIONES FARMACEUTICAS-QUIMICA
653 _aPLANTAS MEDICINALES-QUIMICA
653 _aINDICADORES Y REACTIVOS
653 _aFORMAS DE DOSIFICACION-QUIMICA
653 _aQUIMICA ANALITICA
653 _aCONTROL DE CALIDAD-METODOS
856 _yhttp://www.who.int/ipcs/publications/ehc/ehc_numerical/en/index.html
942 _2ddc
_cPH
999 _c1981
_d1981
952 _pH0232
_40
_00
_bBFM
_10
_oOMS QV 39
_d2013-11-04
_tEj. 1
_8NFIC
_70
_cCR
_2ddc
_yPH
_aBFM